Statistics for Countries That Consume the Most Sheep & Goat Meat Per Capita

Click here to take the quiz!

General Stats

  • This quiz has been taken 52 times
  • The average score is 17 of 30

Answer Stats

Kg per CapitaAnswer% Correct
4.7United Kingdom
83%
11.2Australia
80%
20.5New Zealand
76%
12.8Greece
72%
9.3Kazakhstan
72%
9.1Kyrgyzstan
70%
5.2Morocco
67%
6.2Saudi Arabia
67%
26.1Turkmenistan
67%
7.2Algeria
65%
13.9Kuwait
65%
14.5Oman
65%
5.4Tajikistan
65%
7.6United Arab Emirates
65%
8.1Azerbaijan
61%
5.5Afghanistan
59%
8.7Mali
59%
45.1Mongolia
59%
12.2Mauritania
57%
5.6Tunisia
57%
4.9Jordan
50%
6.9Albania
46%
5.4Cyprus
46%
5.3Central African Republic
41%
21.5Iceland
41%
5.1Norway
33%
5.4Djibouti
28%
5.2Fiji
24%
5.3Namibia
22%
5.9Uruguay
20%

Score Distribution

Percentile by Number Answered

Percent of People with Each Score

Your Score History

You have not taken this quiz